Pedagogic kinesiology / (Record no. 129198)

MARC details
000 -LEADER
fixed length control field 00691nam a22002297a 4500
005 - DATE AND TIME OF LATEST TRANSACTION
control field 20170124110052.0
010 ## - LIBRARY OF CONGRESS CONTROL NUMBER
LC control number A-944127
020 ## - INTERNATIONAL STANDARD BOOK NUMBER
Terms of availability 595
International Standard Book Number 818619619
035 ## - SYSTEM CONTROL NUMBER
System control number A-944127
037 ## - SOURCE OF ACQUISITION
Source of stock number/acquisition Cen Lib/Ret
040 ## - CATALOGING SOURCE
Original cataloging agency DPL
Language of cataloging EN
082 ## - DEWEY DECIMAL CLASSIFICATION NUMBER
Classification number 613.7
Item number SHA
100 ## - MAIN ENTRY--PERSONAL NAME
Personal name Shaw, Dhananjoy
9 (RLIN) 19307
245 ## - TITLE STATEMENT
Title Pedagogic kinesiology /
Statement of responsibility, etc by Dhananjoy Shaw
260 ## - PUBLICATION, DISTRIBUTION, ETC. (IMPRINT)
Place of publication, distribution, etc Delhi
Name of publisher, distributor, etc Sports Publcations
Date of publication, distribution, etc 1998
270 ## - ADDRESS
Address shiv market, ashok vihar
City Delhi
Postal code 110052
300 ## - PHYSICAL DESCRIPTION
Extent 318p.
Dimensions 21cm(Hb)
500 ## - GENERAL NOTE
General note Includes bibliographical references
650 ## - SUBJECT ADDED ENTRY--TOPICAL TERM
Topical term or geographic name as entry element Biomechanics and kinsiology
9 (RLIN) 25695
650 ## - SUBJECT ADDED ENTRY--TOPICAL TERM
Topical term or geographic name as entry element History and growth
9 (RLIN) 25696
942 ## - ADDED ENTRY ELEMENTS (KOHA)
Source of classification or shelving scheme Dewey Decimal Classification
Koha item type English Books
Classification part 613.7
Call number suffix SHA
Holdings
Withdrawn status Lost status Damaged status Not for loan Home library Current library Date acquired Source of acquisition Cost, normal purchase price Total Checkouts Total Renewals Full call number Barcode Date last seen Date checked out Copy number Cost, replacement price Price effective from Koha item type
        Central Library Central Library 04/07/2015 Cen Lib/Ret 595.00 3 1 613.7 SHA A-944127 06/05/2018 18/04/2018 1 595.00 04/07/2015 English Books

© Delhi Public Library
Hit Counter
free hit counter